[Event "Titled Tuesday intern op 24th Oct Late"]
[Site "Chess.com INT"]
[Date "2023.10.24"]
[Round "11"]
[White "Bullen, Alex"]
[Black "Lalanne, Pablo"]
[Result "0-1"]
[WhiteElo "2168"]
[BlackElo "2208"]
[PlyCount "74"]
[EventDate "2023.10.24"]
[EventType "swiss (blitz)"]
[EventRounds "11"]
[EventCountry "USA"]
[SourceTitle "Mega2024 Update 01"]
[Source "Chessbase"]
[SourceDate "2023.11.12"]
[SourceVersion "1"]
[SourceVersionDate "2023.11.12"]
[SourceQuality "1"]

1. d4 Nf6 2. c3 e6 3. Bf4 d5 4. e3 c5 5. Nd2 Nc6 6. Bd3 Bd6 7. Bg3 0-0 8. Ngf3 b6 9. e4 Be7 10. e5 Nh5 11. Ng5 Bxg5 12. Qxh5 g6 13. Qg4 cxd4 14. h4 Bxd2+ 15. Kxd2 dxc3+ 16. bxc3 f5 17. Qf4 d4 18. c4 Qe7 19. Qh6 Qb4+ 20. Ke2 Qb2+ 21. Qd2 Qxd2+ 22. Kxd2 Bb7 23. f4 Nb4 24. h5 Bxg2 25. Rhg1 Be4 26. Bxe4 fxe4 27. hxg6 e3+ 28. Ke2 hxg6 29. Bh4 Rxf4 30. Be1 Nc2 31. Rc1 Nxe1 32. Rcxe1 Rf2+ 33. Kd3 Rd2+ 34. Ke4 Kg7 35. Rg3 Rh8 36. Reg1 Rh4+ 37. Kf3 Rf2# 0-1

[Event "Titled Tuesday intern op 24th Oct Late"]
[Site "Chess.com INT"]
[Date "2023.10.24"]
[Round "6"]
[White "Lalanne, Pablo"]
[Black "Bold, Andre"]
[Result "0-1"]
[WhiteElo "2208"]
[BlackElo "2194"]
[PlyCount "56"]
[EventDate "2023.10.24"]
[EventType "swiss (blitz)"]
[EventRounds "11"]
[EventCountry "USA"]
[SourceTitle "Mega2024 Update 01"]
[Source "Chessbase"]
[SourceDate "2023.11.12"]
[SourceVersion "1"]
[SourceVersionDate "2023.11.12"]
[SourceQuality "1"]

1. e4 c6 2. d4 d5 3. exd5 cxd5 4. c4 Nf6 5. Nc3 e6 6. Nf3 Bb4 7. Bd3 Nc6 8. 0-0 dxc4 9. Bxc4 0-0 10. Bg5 Be7 11. a3 b6 12. Qd3 Bb7 13. Rad1 Rc8 14. Ba2 g6 15. Bh6 Re8 16. Rfe1 Bf8 17. Qd2 Bg7 18. Bxg7 Kxg7 19. Qf4 Ne7 20. Ne5 Ned5 21. Nxd5 Bxd5 22. Bb1 Re7 23. h4 Rec7 24. Rd3 Nh5 25. Qd2 Qxh4 26. Rh3 Qf4 27. Qe2 Rc1 28. Bd3 Rxe1+ 0-1

[Event "Titled Tuesday intern op 26th Sep Late"]
[Site "Chess.com INT"]
[Date "2023.09.26"]
[Round "9"]
[White "Lalanne, Pablo"]
[Black "Martinez Reyes, Pedro Ramon"]
[Result "1-0"]
[WhiteElo "2208"]
[BlackElo "2344"]
[PlyCount "57"]
[EventDate "2023.09.26"]
[EventType "swiss (blitz)"]
[EventRounds "11"]
[EventCountry "USA"]
[SourceTitle "EXT 2024"]
[Source "ChessBase"]
[SourceDate "2023.10.10"]
[SourceVersion "1"]
[SourceVersionDate "2023.10.10"]
[SourceQuality "1"]

1. e4 c5 2. Nf3 Nc6 3. d4 cxd4 4. Nxd4 d5 5. Bb5 dxe4 6. 0-0 Bd7 7. Nxc6 Bxc6 8. Bxc6+ bxc6 9. Qe2 Nf6 10. Nc3 e6 11. Nxe4 Be7 12. Bf4 Nd5 13. Be5 f6 14. Bg3 e5 15. Rad1 Qb6 16. c4 Nc7 17. Qg4 0-0 18. Qd7 Rfe8 19. b3 Rad8 20. Qg4 Qb7 21. h4 Qc8 22. Qf3 Ne6 23. h5 Nd4 24. Qe3 f5 25. Bxe5 Nc2 26. Qg3 Bf8 27. Nf6+ Kh8 28. Nxe8 Rxe8 29. h6 1-0

[Event "Titled Tuesday intern op 05th Sep Late"]
[Site "Chess.com INT"]
[Date "2023.09.05"]
[Round "3"]
[White "Brilej, Jaka"]
[Black "Lalanne, Pablo"]
[Result "0-1"]
[WhiteElo "2306"]
[BlackElo "2208"]
[PlyCount "58"]
[EventDate "2023.09.05"]
[EventType "swiss (blitz)"]
[EventRounds "11"]
[EventCountry "USA"]
[SourceTitle "EXT 2024"]
[Source "ChessBase"]
[SourceDate "2023.10.10"]
[SourceVersion "1"]
[SourceVersionDate "2023.10.10"]
[SourceQuality "1"]

1. e4 e5 2. Nf3 Nc6 3. Bc4 Bc5 4. c3 Nf6 5. d3 0-0 6. 0-0 d6 7. Nbd2 a6 8. Bb3 Ba7 9. Re1 Ne7 10. Nf1 h6 11. h3 Ng6 12. Bc2 Re8 13. g4 d5 14. exd5 Nxd5 15. Ng3 Ndf4 16. d4 exd4 17. Rxe8+ Qxe8 18. Nxd4 Nxh3+ 19. Kh2 Nhf4 20. Bxf4 Nxf4 21. Qf3 Bxd4 22. cxd4 Ng6 23. Nf5 Qd8 24. Re1 Bxf5 25. Bxf5 Qh4+ 26. Kg2 c6 27. d5 cxd5 28. Qxd5 Nf4+ 29. Kf3 Nxd5 0-1

[Event "Titled Tuesday intern op 08th Aug Late"]
[Site "Chess.com INT"]
[Date "2023.08.08"]
[Round "8"]
[White "Berezin, Viktor1111"]
[Black "Lalanne, Pablo"]
[Result "1-0"]
[WhiteElo "2307"]
[BlackElo "2208"]
[PlyCount "161"]
[EventDate "2023.08.08"]
[EventType "swiss (blitz)"]
[EventRounds "11"]
[EventCountry "USA"]
[SourceTitle "EXT 2024"]
[Source "ChessBase"]
[SourceDate "2023.10.10"]
[SourceVersion "1"]
[SourceVersionDate "2023.10.10"]
[SourceQuality "1"]

1. g3 d5 2. Bg2 e6 3. d3 c5 4. Nf3 Nf6 5. 0-0 Nc6 6. Nbd2 Be7 7. e4 Qc7 8. Re1 b6 9. c3 Bb7 10. a4 a6 11. Qc2 0-0 12. b3 b5 13. Bb2 Rac8 14. axb5 axb5 15. Nf1 dxe4 16. dxe4 Rfd8 17. Ne3 b4 18. Nc4 bxc3 19. Bxc3 Nd4 20. Nxd4 cxd4 21. Ba5 Qb8 22. Bxd8 Bxd8 23. Qd3 e5 24. Rec1 Be7 25. Nb6 Rxc1+ 26. Rxc1 g6 27. h3 Bxe4 28. Bxe4 Qxb6 29. Bf3 Kg7 30. Rc6 Qb4 31. Kg2 h5 32. Qe2 Qa5 33. Ra6 Qc5 34. b4 Qc7 35. b5 Bc5 36. Rc6 Qe7 37. b6 e4 38. Bxe4 Nxe4 39. b7 d3 40. Qxd3 Qxb7 41. Qxe4 Qe7 42. Qf3 Bd4 43. h4 Bf6 44. Rc4 Qe5 45. Re4 Qd6 46. Rf4 Qe6 47. Rb4 Qd6 48. Rb3 Qe6 49. Ra3 Qd6 50. Ra8 Qe6 51. Rb8 Qd6 52. Rb1 Qe6 53. Rd1 Qe5 54. Rd3 Qe6 55. Re3 Qd6 56. Re4 Qc6 57. g4 hxg4 58. Rxg4 Qe6 59. h5 Qe5 60. hxg6 fxg6 61. Qb7+ Be7 62. Re4 Qg5+ 63. Kf1 Qc1+ 64. Re1 Qc4+ 65. Kg1 Qg4+ 66. Qg2 Qxg2+ 67. Kxg2 Kf7 68. Kf3 Bf6 69. Re4 Be7 70. Kg4 Bf6 71. f4 Kg7 72. Ra4 Kf7 73. Ra7+ Ke6 74. Ra6+ Kf7 75. Kf3 Ke7 76. Ke4 Kf7 77. Kd5 g5 78. f5 g4 79. Ra7+ Kg8 80. Ke6 Bd4 81. Ra4 1-0

[Event "Titled Tuesday intern op 25th Jul Late"]
[Site "Chess.com INT"]
[Date "2023.07.25"]
[Round "2"]
[White "Matinian, Nikita"]
[Black "Lalanne, Pablo"]
[Result "1-0"]
[WhiteElo "2421"]
[BlackElo "2208"]
[PlyCount "47"]
[EventDate "2023.07.25"]
[EventType "swiss (blitz)"]
[EventRounds "11"]
[EventCountry "USA"]
[SourceTitle "EXT 2024"]
[Source "ChessBase"]
[SourceDate "2023.10.10"]
[SourceVersion "1"]
[SourceVersionDate "2023.10.10"]
[SourceQuality "1"]

1. e4 c5 2. Nf3 d6 3. d4 cxd4 4. Nxd4 Nf6 5. Nc3 Nc6 6. Bg5 e6 7. Qd3 Be7 8. 0-0-0 a6 9. f4 Qc7 10. Qg3 0-0 11. Nxc6 bxc6 12. Bd3 Rb8 13. e5 dxe5 14. fxe5 Nh5 15. Qh4 Bxg5+ 16. Qxg5 g6 17. g4 Ng7 18. Ne4 f5 19. exf6 Ne8 20. Rhf1 Rf7 21. h4 Bb7 22. h5 c5 23. hxg6 hxg6 24. Qxg6+ 1-0

[Event "Titled Tuesday intern op 25th Jul Late"]
[Site "Chess.com INT"]
[Date "2023.07.25"]
[Round "5"]
[White "Pironti, Francisco Ferrari"]
[Black "Lalanne, Pablo"]
[Result "1-0"]
[WhiteElo "1959"]
[BlackElo "2208"]
[PlyCount "69"]
[EventDate "2023.07.25"]
[EventType "swiss (blitz)"]
[EventRounds "11"]
[EventCountry "USA"]
[SourceTitle "EXT 2024"]
[Source "ChessBase"]
[SourceDate "2023.10.10"]
[SourceVersion "1"]
[SourceVersionDate "2023.10.10"]
[SourceQuality "1"]

1. e4 c5 2. Nf3 d6 3. d4 cxd4 4. Nxd4 Nf6 5. Nc3 Nc6 6. Bc4 Qb6 7. Nxc6 bxc6 8. Bb3 g6 9. 0-0 Bg7 10. Be3 Qc7 11. h3 0-0 12. f4 c5 13. f5 c4 14. Ba4 Bb7 15. Bd4 Bc6 16. fxg6 hxg6 17. Bxc6 Qxc6 18. Bxf6 exf6 19. Qd5 Rac8 20. Rad1 Qb6+ 21. Qd4 Qxb2 22. Nd5 Qxd4+ 23. Rxd4 f5 24. Rdd1 fxe4 25. Ne7+ Kh7 26. Nxc8 Rxc8 27. Rxd6 Rc7 28. g4 Be5 29. Rd5 f6 30. Re1 Rb7 31. Rxe4 Rb2 32. Rxc4 Rxa2 33. Rd7+ Kh6 34. h4 f5 35. g5+ 1-0

[Event "Titled Tuesday intern op 25th Jul Late"]
[Site "Chess.com INT"]
[Date "2023.07.25"]
[Round "9"]
[White "Subervi Nunez, Jonathan Sigfredo"]
[Black "Lalanne, Pablo"]
[Result "0-1"]
[WhiteElo "2053"]
[BlackElo "2208"]
[PlyCount "44"]
[EventDate "2023.07.25"]
[EventType "swiss (blitz)"]
[EventRounds "11"]
[EventCountry "USA"]
[SourceTitle "EXT 2024"]
[Source "ChessBase"]
[SourceDate "2023.10.10"]
[SourceVersion "1"]
[SourceVersionDate "2023.10.10"]
[SourceQuality "1"]

1. e4 c5 2. Nc3 Nc6 3. f4 g6 4. Nf3 Bg7 5. Bb5 Nd4 6. Bc4 e6 7. d3 Ne7 8. 0-0 0-0 9. Nxd4 cxd4 10. Ne2 d5 11. Bb3 a5 12. a4 b6 13. e5 Nc6 14. c3 dxc3 15. bxc3 d4 16. Ba3 Re8 17. Bd6 dxc3 18. Nxc3 Nd4 19. Bc4 Bb7 20. Nb5 Nf5 21. Bc7 Qd7 22. Bxb6 Qc6 0-1

[Event "Titled Tuesday intern op 18th Jul Late"]
[Site "Chess.com INT"]
[Date "2023.07.18"]
[Round "4"]
[White "Feliz Dotel, Dewar Bienvenido"]
[Black "Lalanne, Pablo"]
[Result "0-1"]
[WhiteElo "1984"]
[BlackElo "2208"]
[PlyCount "78"]
[EventDate "2023.07.18"]
[EventType "swiss (blitz)"]
[EventRounds "11"]
[EventCountry "USA"]
[SourceTitle "EXT 2024"]
[Source "ChessBase"]
[SourceDate "2023.10.10"]
[SourceVersion "1"]
[SourceVersionDate "2023.10.10"]
[SourceQuality "1"]

1. d4 Nf6 2. e4 e6 3. e5 Nd5 4. c4 Bb4+ 5. Bd2 Bxd2+ 6. Qxd2 Nb6 7. Nc3 d6 8. exd6 cxd6 9. Nf3 Nc6 10. Be2 0-0 11. 0-0 d5 12. cxd5 Nxd5 13. a3 b6 14. Ne5 Bb7 15. Bf3 Nce7 16. Rac1 Rc8 17. Rc2 f6 18. Ng4 Qd7 19. Rfc1 Rfd8 20. Ne3 Nxe3 21. Bxb7 Qxb7 22. Qxe3 Qd7 23. h4 Nf5 24. Qe4 Nxd4 25. Rd2 Nf3+ 26. Qxf3 Qxd2 27. Rd1 Qxb2 28. Rxd8+ Rxd8 29. h5 Qc1+ 30. Kh2 Qg5 31. Ne4 Qh4+ 32. Kg1 f5 33. Ng3 Qd4 34. Qc6 Qd1+ 35. Kh2 Qd6 36. Qc4 f4 37. Ne4 Qd5 38. Qc2 Qxh5+ 39. Kg1 Rd1+ 0-1

[Event "Titled Tuesday intern op 11th Jul Late"]
[Site "Chess.com INT"]
[Date "2023.07.11"]
[Round "1"]
[White "Lalanne, Pablo"]
[Black "Tanenbaum, Zachary Chen"]
[Result "0-1"]
[WhiteElo "2208"]
[BlackElo "2275"]
[PlyCount "68"]
[EventDate "2023.07.11"]
[EventType "swiss (blitz)"]
[EventRounds "11"]
[EventCountry "USA"]
[SourceTitle "EXT 2024"]
[Source "ChessBase"]
[SourceDate "2023.10.10"]
[SourceVersion "1"]
[SourceVersionDate "2023.10.10"]
[SourceQuality "1"]

1. e4 e5 2. Nf3 Nc6 3. Bb5 a6 4. Ba4 d6 5. c4 Bg4 6. h3 Bxf3 7. Qxf3 Nf6 8. Nc3 Be7 9. 0-0 Nd7 10. Bxc6 bxc6 11. Rd1 0-0 12. d4 exd4 13. Rxd4 Bf6 14. Rd1 Re8 15. Bd2 Rb8 16. b3 Nc5 17. Re1 a5 18. Rad1 Qe7 19. g3 Qe6 20. Kg2 a4 21. Nxa4 Nxa4 22. bxa4 Qxc4 23. a5 Qxa2 24. e5 Rxe5 25. Qxc6 g6 26. Rxe5 Bxe5 27. Qxc7 Rb2 28. Qc8+ Kg7 29. Qc1 Rc2 30. Bh6+ Kg8 31. Qe3 Qxa5 32. Rxd6 Qa8+ 33. Kh2 Bxd6 34. Qd4 Bf8 0-1

[Event "Titled Tuesday intern op 04th Jul Late"]
[Site "Chess.com INT"]
[Date "2023.07.04"]
[Round "7"]
[White "Doshi, Moksh Amitbhai"]
[Black "Lalanne, Pablo"]
[Result "1-0"]
[WhiteElo "2397"]
[BlackElo "2208"]
[PlyCount "57"]
[EventDate "2023.07.04"]
[EventType "swiss (blitz)"]
[EventRounds "11"]
[EventCountry "USA"]
[SourceTitle "EXT 2024"]
[Source "ChessBase"]
[SourceDate "2023.10.10"]
[SourceVersion "1"]
[SourceVersionDate "2023.10.10"]
[SourceQuality "1"]

1. d4 Nf6 2. Nf3 e6 3. Bf4 d5 4. e3 c5 5. Nbd2 Nc6 6. c3 Bd6 7. Bg3 0-0 8. Bd3 b6 9. e4 Be7 10. e5 Nh5 11. Ng5 Bxg5 12. Qxh5 g6 13. Qe2 cxd4 14. Nf3 dxc3 15. bxc3 d4 16. h4 Bh6 17. h5 Bg7 18. hxg6 fxg6 19. Qe4 dxc3 20. Rxh7 Rxf3 21. Rxg7+ Kxg7 22. Qxg6+ Kf8 23. Qh6+ Ke8 24. Bg6+ Kd7 25. Rd1+ Kc7 26. Rxd8 Kxd8 27. gxf3 Kc7 28. Qf8 Bb7 29. Qd6+ 1-0

[Event "Titled Tuesday intern op 04th Jul Late"]
[Site "Chess.com INT"]
[Date "2023.07.04"]
[Round "6"]
[White "Lalanne, Pablo"]
[Black "Czerw, Dawid"]
[Result "1-0"]
[WhiteElo "2208"]
[BlackElo "2400"]
[PlyCount "129"]
[EventDate "2023.07.04"]
[EventType "swiss (blitz)"]
[EventRounds "11"]
[EventCountry "USA"]
[SourceTitle "EXT 2024"]
[Source "ChessBase"]
[SourceDate "2023.10.10"]
[SourceVersion "1"]
[SourceVersionDate "2023.10.10"]
[SourceQuality "1"]

1. e4 c5 2. Nf3 Nc6 3. d4 cxd4 4. Nxd4 Nf6 5. Nc3 e5 6. Ndb5 d6 7. Bg5 a6 8. Na3 b5 9. Bxf6 gxf6 10. Nd5 f5 11. c3 Bg7 12. Bd3 Be6 13. Nxb5 axb5 14. Bxb5 Bd7 15. exf5 0-0 16. Qg4 Kh8 17. 0-0 e4 18. Qxe4 Re8 19. Qb1 Re5 20. Bxc6 Bxc6 21. Ne3 Bh6 22. Qd3 Bxe3 23. fxe3 Qg5 24. Rf2 Qxe3 25. Qxd6 Rxf5 26. Qd4+ Qxd4 27. cxd4 Rxf2 28. Kxf2 Bd5 29. a4 Rb8 30. a5 Rxb2+ 31. Ke3 Rxg2 32. a6 Rg8 33. Ra5 Ba8 34. d5 Kg7 35. Kd4 Kf6 36. a7 Rd8 37. Ra6+ Ke7 38. Ra5 Rd7 39. Ke5 f6+ 40. Kd4 Kf7 41. h4 h5 42. Kc4 Kg6 43. Kd4 Kf5 44. d6+ Kg4 45. Kc5 f5 46. Ra4+ f4 47. Rb4 Rxa7 48. Rb8 Bf3 49. Rf8 Kg3 50. Kb6 Bb7 51. Kxa7 Bc6 52. Kb6 Bd7 53. Kc7 Bg4 54. Rg8 Kf2 55. Rxg4 hxg4 56. d7 g3 57. d8Q g2 58. Qd4+ Kg3 59. h5 f3 60. h6 Kh2 61. Qf2 Kh1 62. Qxf3 Kh2 63. Qxg2+ Kxg2 64. h7 Kg1 65. h8Q 1-0

[Event "Titled Tuesday intern op 20th Jun Early"]
[Site "Chess.com INT"]
[Date "2023.06.20"]
[Round "1"]
[White "Aizenberg, Benny"]
[Black "Lalanne, Pablo"]
[Result "1/2-1/2"]
[WhiteElo "2395"]
[BlackElo "2208"]
[PlyCount "139"]
[EventDate "2023.06.20"]
[EventType "swiss (blitz)"]
[EventRounds "11"]
[EventCountry "USA"]
[SourceTitle "EXT 2024"]
[Source "ChessBase"]
[SourceDate "2023.10.10"]
[SourceVersion "1"]
[SourceVersionDate "2023.10.10"]
[SourceQuality "1"]

1. d4 Nf6 2. c4 e6 3. Nf3 Bb4+ 4. Bd2 a5 5. g3 0-0 6. Bg2 d5 7. 0-0 dxc4 8. Qc2 b5 9. a4 bxa4 10. Na3 Bb7 11. Nxc4 Be4 12. Qc1 Nbd7 13. Rxa4 c5 14. dxc5 Nxc5 15. Bxb4 Nxa4 16. Bxf8 Qxf8 17. b3 Nc5 18. Nfd2 Bxg2 19. Kxg2 Qb8 20. Qc3 Qb7+ 21. f3 Nd5 22. Qb2 a4 23. Ra1 axb3 24. Rxa8+ Qxa8 25. Nxb3 Nxb3 26. Qxb3 h6 27. e4 Nf6 28. Nd6 Qd8 29. Qb4 Qd7 30. Qc5 Kh7 31. h4 Ne8 32. e5 f6 33. Nc4 Qc7 34. Qd4 Qc6 35. Qd3+ Kg8 36. exf6 Nxf6 37. Ne5 Qd5 38. Qe3 Kh7 39. g4 Nd7 40. Qd3+ Qxd3 41. Nxd3 Nf6 42. Kg3 Nd5 43. Nc5 Nc7 44. Kf4 Kg6 45. Ke5 Kf7 46. Kd6 Ne8+ 47. Ke5 Nc7 48. h5 Ke7 49. f4 Kf7 50. g5 hxg5 51. fxg5 Ke7 52. Nd3 Kf7 53. Nf4 Ke7 54. Ng6+ Kf7 55. Nh8+ Kg8 56. Ng6 Kf7 57. Nf4 Ke7 58. Ne2 Kf7 59. Nc1 Ne8 60. Nd3 Nc7 61. Kd6 Ne8+ 62. Kd7 Nf6+ 63. gxf6 Kxf6 64. Kd6 Kg5 65. Kxe6 Kxh5 66. Kf5 g5 67. Ke4 g4 68. Ke3 g3 69. Kf3 g2 70. Kxg2 1/2-1/2

[Event "Titled Tuesday intern op 20th Jun Late"]
[Site "Chess.com INT"]
[Date "2023.06.20"]
[Round "2"]
[White "Dushyant, Sharma"]
[Black "Lalanne, Pablo"]
[Result "1-0"]
[WhiteElo "2345"]
[BlackElo "2208"]
[PlyCount "59"]
[EventDate "2023.06.20"]
[EventType "swiss (blitz)"]
[EventRounds "11"]
[EventCountry "USA"]
[SourceTitle "EXT 2024"]
[Source "ChessBase"]
[SourceDate "2023.10.10"]
[SourceVersion "1"]
[SourceVersionDate "2023.10.10"]
[SourceQuality "1"]

1. e4 c5 2. Nf3 d6 3. d4 cxd4 4. Nxd4 Nf6 5. Nc3 Nc6 6. f4 e6 7. Nf3 a6 8. Bd3 Be7 9. 0-0 b5 10. a3 0-0 11. Kh1 Bb7 12. Qe1 b4 13. axb4 Nxb4 14. Bd2 Nxd3 15. cxd3 d5 16. e5 Nd7 17. d4 a5 18. Qg3 Ba6 19. Rf2 Bd3 20. Qh3 Nb6 21. Rg1 Nc4 22. Bc1 a4 23. g4 Be4 24. f5 Bxf3+ 25. Rxf3 Bg5 26. f6 Bxc1 27. Rxc1 Qb6 28. Qh4 h6 29. fxg7 Kxg7 30. Qf6+ 1-0

[Event "Titled Tuesday intern op 20th Jun Early"]
[Site "Chess.com INT"]
[Date "2023.06.20"]
[Round "8"]
[White "Lalanne, Pablo"]
[Black "Sariego Figueredo, Wilfredo"]
[Result "0-1"]
[WhiteElo "2208"]
[BlackElo "2318"]
[PlyCount "52"]
[EventDate "2023.06.20"]
[EventType "swiss (blitz)"]
[EventRounds "11"]
[EventCountry "USA"]
[SourceTitle "EXT 2024"]
[Source "ChessBase"]
[SourceDate "2023.10.10"]
[SourceVersion "1"]
[SourceVersionDate "2023.10.10"]
[SourceQuality "1"]

1. e4 c5 2. Nf3 a6 3. c4 Nc6 4. d4 cxd4 5. Nxd4 e5 6. Nf3 Nf6 7. Bd3 Bb4+ 8. Nbd2 d6 9. 0-0 Bg4 10. h3 Bh5 11. Nb3 0-0 12. Bg5 h6 13. Bh4 g5 14. Bg3 a5 15. a3 Bc5 16. Nxc5 dxc5 17. Re1 Nd7 18. Be2 f6 19. Nh2 Bf7 20. Ng4 Kg7 21. Ne3 Nd4 22. Bh5 Bxh5 23. Qxh5 Nb8 24. Rad1 Qe8 25. Qg4 h5 26. Nf5+ Kh7 0-1

[Event "Titled Tuesday intern op 20th Jun Late"]
[Site "Chess.com INT"]
[Date "2023.06.20"]
[Round "1"]
[White "Papasimakopoulos, Alexandros"]
[Black "Lalanne, Pablo"]
[Result "1-0"]
[WhiteElo "2401"]
[BlackElo "2208"]
[PlyCount "85"]
[EventDate "2023.06.20"]
[EventType "swiss (blitz)"]
[EventRounds "11"]
[EventCountry "USA"]
[SourceTitle "EXT 2024"]
[Source "ChessBase"]
[SourceDate "2023.10.10"]
[SourceVersion "1"]
[SourceVersionDate "2023.10.10"]
[SourceQuality "1"]

1. d4 Nf6 2. c4 e6 3. Nc3 Bb4 4. Qc2 d5 5. cxd5 exd5 6. Bg5 h6 7. Bh4 0-0 8. e3 c6 9. Bd3 Re8 10. Nf3 Nbd7 11. 0-0 Bd6 12. Bg3 Qe7 13. Rab1 a5 14. a3 Bxg3 15. hxg3 Ne4 16. Bxe4 dxe4 17. Nd2 Nf6 18. b4 axb4 19. axb4 Bf5 20. b5 Rac8 21. bxc6 Rxc6 22. Qb3 Rec8 23. Na4 R8c7 24. Nc5 b6 25. Na6 Rc8 26. Nb4 Rc3 27. Qa4 Ng4 28. Nd5 Qg5 29. Rfd1 Rc2 30. Qb4 Kh7 31. Nf4 h5 32. Rb2 h4 33. Rxc2 Rxc2 34. Nh3 Qf6 35. gxh4 Qxh4 36. Qb3 Rc6 37. Qxf7 Bg6 38. Qf4 Rf6 39. Qg3 Qxg3 40. fxg3 Nxe3 41. Re1 Nf5 42. Nxe4 Rf8 43. d5 1-0

[Event "Titled Tuesday intern op 06th Jun Late"]
[Site "Chess.com INT"]
[Date "2023.06.06"]
[Round "2"]
[White "Korchmar, Vasiliy"]
[Black "Lalanne, Pablo"]
[Result "1-0"]
[WhiteElo "2438"]
[BlackElo "2208"]
[PlyCount "107"]
[EventDate "2023.06.06"]
[EventType "swiss (blitz)"]
[EventRounds "11"]
[EventCountry "USA"]
[SourceTitle "EXT 2024"]
[Source "ChessBase"]
[SourceDate "2023.10.10"]
[SourceVersion "1"]
[SourceVersionDate "2023.10.10"]
[SourceQuality "1"]

1. e4 c5 2. Nf3 d6 3. d4 cxd4 4. Nxd4 Nf6 5. Nc3 Nc6 6. Be2 e5 7. Nf3 Be7 8. 0-0 0-0 9. Re1 h6 10. h3 Be6 11. Bf1 Qd7 12. b3 Rac8 13. Bb2 Nh7 14. Nd5 Bd8 15. Nd2 f5 16. Nc4 Kh8 17. exf5 Bxf5 18. Nde3 Be7 19. Nxf5 Qxf5 20. f3 Rcd8 21. Ne3 Qg6 22. Nd5 Bh4 23. Re4 Bf6 24. Bd3 Qh5 25. c4 Ng5 26. Rg4 Ne7 27. Nxe7 Bxe7 28. Qe2 Rf6 29. h4 Ne6 30. Qe4 g6 31. Rxg6 Rxg6 32. Qxg6 Qxg6 33. Bxg6 Bxh4 34. Rd1 Nf4 35. Be4 Bf6 36. Bxb7 a5 37. Be4 Kg7 38. Ba3 Be7 39. Kf2 Kf6 40. g3 Ne6 41. Rd5 a4 42. Ra5 axb3 43. axb3 Rb8 44. b4 Nd4 45. Bd5 Nf5 46. b5 h5 47. Ra6 h4 48. g4 Nd4 49. Bxd6 Bxd6 50. Rxd6+ Ke7 51. Rh6 Rf8 52. Rxh4 Kd6 53. Rh6+ Kc5 54. b6 1-0

[Event "Titled Tuesday intern op 06th Jun Late"]
[Site "Chess.com INT"]
[Date "2023.06.06"]
[Round "1"]
[White "Lalanne, Pablo"]
[Black "Belov, Alexei"]
[Result "1-0"]
[WhiteElo "2208"]
[BlackElo "2421"]
[PlyCount "117"]
[EventDate "2023.06.06"]
[EventType "swiss (blitz)"]
[EventRounds "11"]
[EventCountry "USA"]
[SourceTitle "EXT 2024"]
[Source "ChessBase"]
[SourceDate "2023.10.10"]
[SourceVersion "1"]
[SourceVersionDate "2023.10.10"]
[SourceQuality "1"]

1. e4 e6 2. d4 d5 3. Nd2 Nf6 4. e5 Nfd7 5. Bd3 c5 6. c3 Nc6 7. Ne2 f6 8. exf6 Nxf6 9. Nf3 Bd6 10. 0-0 Qc7 11. Bg5 0-0 12. Bh4 Bd7 13. Bg3 b6 14. Re1 Rae8 15. h3 e5 16. dxe5 Nxe5 17. Nxe5 Bxe5 18. Bxe5 Rxe5 19. Ng3 Rfe8 20. Qd2 g6 21. Rxe5 Qxe5 22. Kf1 Kg7 23. Re1 Qxe1+ 24. Qxe1 Rxe1+ 25. Kxe1 Ne8 26. Kd2 Kf6 27. f4 Nd6 28. Ke3 h5 29. Nf1 h4 30. Nd2 Bc6 31. Nf3 d4+ 32. cxd4 cxd4+ 33. Kxd4 Bxf3 34. gxf3 Ne8 35. Kd5 Ng7 36. Kc6 Ne6 37. f5 gxf5 38. Bf1 Ke5 39. Kb7 Kf4 40. Kxa7 Kxf3 41. Kxb6 Kf2 42. Bd3 f4 43. a4 Ng5 44. a5 Ke3 45. Bf1 Kf2 46. Bc4 f3 47. a6 Kg3 48. a7 Nxh3 49. a8Q Nf4 50. Qe4 h3 51. Bd5 Nxd5+ 52. Qxd5 h2 53. Qg5+ Kf2 54. Qh4+ Kg2 55. Qg4+ Kf2 56. Qh3 Kg1 57. Qxf3 h1Q 58. Qxh1+ Kxh1 59. b4 1-0